Thầy tôi /
Saved in:
| Main Author: | |
|---|---|
| Format: | Book (Paper) |
| Language: | Vietnamese |
| Published: |
[S.l.] :
[s.n.],
2017.
|
| Subjects: | |
| Tags: |
Add Tag
No Tags, Be the first to tag this record!
|
| Institutions: | Thư viện Trường Đại học Đà Lạt |
|---|
| LEADER | 00660nam a2200289 4500 | ||
|---|---|---|---|
| 001 | DLU180187781 | ||
| 005 | ##20181011 | ||
| 040 | # | # | |a DLU |b vie |
| 041 | # | # | |a vie |
| 044 | # | # | |a vn |
| 082 | # | # | |a 895.922 1 |b TR-D |
| 100 | # | # | |a Trần Bảo Định. |
| 245 | # | # | |a Thầy tôi / |c Trần Bảo Định. |
| 260 | # | # | |a [S.l.] : |b [s.n.], |c 2017. |
| 300 | # | # | |a 169 tr. ; |c 21 cm. |
| 650 | # | # | |a Thơ Việt Nam |y Thế kỷ 21. |
| 923 | # | # | |a 03/2018 |
| 991 | # | # | |a SH |
| 992 | # | # | |a 7000 |
| 994 | # | # | |a DLU |
| 900 | # | # | |a True |
| 911 | # | # | |a Nguyễn Thanh Hương |
| 925 | # | # | |a G |
| 926 | # | # | |a A |
| 927 | # | # | |a SH |
| 980 | # | # | |a Thư viện Trường Đại học Đà Lạt |